000 00917cam a2200241 4500
001 WB3734-02
008 010913n2001 000 0 eng u
035 _a(Sirsi) u114572
245 _aQuality the Scottish way
260 _c2001
490 _aBuilding Trade and Industry
_v17(9) September 2001, 1 & 60(1)
520 _aScottish plans for a registration scheme for builders have been outlined in a consultation paper, "Improving building standards". The Scottish scheme aims to get rid of cowboy builders, but trade associations and ministers stress their system is not based on the unsuccessful English Quality Mark Scheme.
590 _aWB
650 _aSCOTLAND
650 _aCONTRACTORS
650 _aCONSTRUCTION INDUSTRY
650 _aTRADE ASSOCIATIONS
650 _aREGISTRATION SCHEME
650 _aQUALITY MARK
650 _aCOWBOY BUILDERS
690 _aBUILT ENVIRONMENT
942 _n0
999 _c68267
_d68267